Fast typing - "The Boston Evening Transcript" - Statistics

General Stats
  • This quiz has been taken 5 times
  • The average score is 6 of 8
Answer Stats
Hint Answer % Correct
And to others bringing the Boston Evening Transcript, And to others bringing the Boston Evening Transcript,
100%
The readers of the Boston Evening Transcript Sway in the wind like a field of ripe corn. The readers of the Boston Evening Transcript Sway in the wind like a field of ripe corn.
100%
Wakening the appetites of life in some Wakening the appetites of life in some
100%
When evening quickens faintly in the street, When evening quickens faintly in the street,
100%
I mount the steps and ring the bell, turning I mount the steps and ring the bell, turning
75%
If the street were time and he at the end of the street, If the street were time and he at the end of the street,
50%
Wearily, as one would turn to nod good-bye to Rochefoucauld, Wearily, as one would turn to nod good-bye to Rochefoucauld,
50%
And I say, "Cousin Harriet, here is the Boston Evening Transcript. And I say, "Cousin Harriet, here is the Boston Evening Transcript.
0%
No matching quizzes found
Score Distribution
Percent of People with Each Score
Percentile by Number Answered
Your Score History
You have not taken this quiz